[Event "Damhus-ch B"]
[Site "Rodovre"]
[Date "2013.10.01"]
[Round "5"]
[White "Makholm, Jesper"]
[Black "Wadtland, Flemming"]
[Result "0-1"]
[WhiteElo "1381"]
[BlackElo "1408"]
[PlyCount "72"]
[EventDate "2013.09.03"]
[EventType "swiss"]
[EventRounds "7"]
[EventCountry "DEN"]
[SourceTitle "EXT 2023"]
[Source "ChessBase"]
[SourceDate "2022.10.05"]
[SourceVersion "1"]
[SourceVersionDate "2022.10.05"]
[SourceQuality "1"]

1. e4 c6 2. d4 d5 3. e5 Bf5 4. Bd3 Bg6 5. Nf3 e6 6. 0-0 Nd7 7. b3 Ne7 8. c4 Bxd3 9. Qxd3 c5 10. Ba3 dxc4 11. Qxc4 cxd4 12. Qxd4 Nc6 13. Qe3 Qb6 14. Qxb6 Nxb6 15. Bxf8 Rxf8 16. Nc3 0-0-0 17. Rad1 a6 18. Rd6 Kc7 19. Rfd1 Nc8 20. Rxd8 Rxd8 21. Rxd8 Kxd8 22. g4 Nb6 23. Ne4 Nd7 24. Nd6 Ndxe5 25. Nxe5 Nxe5 26. Nxb7+ Kc7 27. Nc5 Kb6 28. Na4+ Ka5 29. h3 Kb4 30. f4 Nd3 31. f5 Nc1 32. a3+ Kxa3 33. Nc5 a5 34. Nxe6 g6 35. Nd4 Nxb3 36. Nxb3 Kxb3 0-1